000
00310 a2200145 4500
001
121080
040
_c
Escola Canadense de Niteroi
245
1
0
_a
Mapa do Brasil: divisão regional
250
_a
6. ed.
260
_a
Rio de Janeiro
362
0
_a
2012
650
4
_a
Mapa
650
4
_a
Brasil
942
_c
MATP
999
_c
121080
_d
121080